IPD UK monthly index - January - December 2002 (Record no. 101951)

MARC details
000 -LEADER
fixed length control field 00757cam a2200277 4500
001 - CONTROL NUMBER
control field J65615
008 - FIXED-LENGTH DATA ELEMENTS--GENERAL INFORMATION
fixed length control field 000000n2002 000 0 eng u
035 ## - SYSTEM CONTROL NUMBER
System control number (Sirsi) u117190
041 ## - LANGUAGE CODE
Language code of text/sound track or separate title eng
050 ## - LIBRARY OF CONGRESS CALL NUMBER
Classification number 333.33016
110 ## - MAIN ENTRY--CORPORATE NAME
Corporate name or jurisdiction name as entry element Investment Property Databank
9 (RLIN) 2288
245 ## - TITLE STATEMENT
Title IPD UK monthly index - January - December 2002
260 ## - PUBLICATION, DISTRIBUTION, ETC.
Place of publication, distribution, etc. London
Name of publisher, distributor, etc. IPD
Date of publication, distribution, etc. 2002
300 ## - PHYSICAL DESCRIPTION
Extent 12 pt. ; 30cm.
520 ## - SUMMARY, ETC.
Summary, etc. Available on the IPD website www.ipdindex.co.uk
650 ## - SUBJECT ADDED ENTRY--TOPICAL TERM
Topical term or geographic name entry element CAPITAL VALUES
650 ## - SUBJECT ADDED ENTRY--TOPICAL TERM
Topical term or geographic name entry element INDUSTRIAL PROPERTY
650 ## - SUBJECT ADDED ENTRY--TOPICAL TERM
Topical term or geographic name entry element OFFICES
650 ## - SUBJECT ADDED ENTRY--TOPICAL TERM
Topical term or geographic name entry element PROPERTY INDICES
650 ## - SUBJECT ADDED ENTRY--TOPICAL TERM
Topical term or geographic name entry element RENTS
650 ## - SUBJECT ADDED ENTRY--TOPICAL TERM
Topical term or geographic name entry element RETAIL PROPERTY
650 ## - SUBJECT ADDED ENTRY--TOPICAL TERM
Topical term or geographic name entry element YIELDS
690 ## - LOCAL SUBJECT ADDED ENTRY--TOPICAL TERM (OCLC, RLIN)
Topical term or geographic name as entry element PROPERTY-COMMERCIAL PROPERTY
856 ## - ELECTRONIC LOCATION AND ACCESS
Uniform Resource Identifier <a href="https://www.ipdindex.co.uk">https://www.ipdindex.co.uk</a>
942 ## - ADDED ENTRY ELEMENTS (KOHA)
Suppress in OPAC 0
Holdings
Withdrawn status Lost status Source of classification or shelving scheme Damaged status Not for loan Home library Current library Shelving location Date acquired Total Checkouts Full call number Barcode Date last seen Copy number Price effective from Koha item type
    Dewey Decimal Classification     London London Property market reports 20/03/2002   PROPERTY MARKET REPORTS 30065615 06/08/2019 1 06/08/2019 Reference material
    Dewey Decimal Classification     London London Property market reports 12/04/2002   PROPERTY MARKET REPORTS 30065740 06/08/2019 4 06/08/2019 Reference material
    Dewey Decimal Classification     London London Property market reports 27/05/2002   PROPERTY MARKET REPORTS 30065895 06/08/2019 5 06/08/2019 Reference material
    Dewey Decimal Classification     London London Property market reports 27/05/2002   PROPERTY MARKET REPORTS 30065903 06/08/2019 6 06/08/2019 Reference material
    Dewey Decimal Classification     London London Property market reports 27/05/2002   PROPERTY MARKET REPORTS 30065899 06/08/2019 7 06/08/2019 Reference material
    Dewey Decimal Classification     London London Property market reports 03/09/2002   PROPERTY MARKET REPORTS 30066413 06/08/2019 8 06/08/2019 Reference material
    Dewey Decimal Classification     London London Property market reports 03/09/2002   PROPERTY MARKET REPORTS 30066418 06/08/2019 9 06/08/2019 Reference material
    Dewey Decimal Classification     London London Property market reports 03/09/2002   PROPERTY MARKET REPORTS 30066410 06/08/2019 11 06/08/2019 Reference material
    Dewey Decimal Classification     London London Property market reports 09/10/2002   PROPERTY MARKET REPORTS 30066621 06/08/2019 13 06/08/2019 Reference material
    Dewey Decimal Classification     London London Property market reports 06/02/2003   PROPERTY MARKET REPORTS 30068370 06/08/2019 14 06/08/2019 Reference material
    Dewey Decimal Classification     London London Property market reports 06/02/2003   PROPERTY MARKET REPORTS 30068378 06/08/2019 16 06/08/2019 Reference material
    Dewey Decimal Classification     London London Property market reports 06/02/2003   PROPERTY MARKET REPORTS 30068383 06/08/2019 18 06/08/2019 Reference material
    Dewey Decimal Classification     London London Property market reports 07/03/2003   PROPERTY MARKET REPORTS 30068406 06/08/2019 19 06/08/2019 Reference material